000 01232nam a2200325 a 4500
001 000113116
003 CHAP
005 20220329144339.0
008 170425s2016 mx a fsm |||||||spa d
010 _a109577
011 _a110549
040 _cCHAP
090 _aTesis
100 1 _aTehuacatl Xalamihua, Guillermo
_9132008
245 1 0 _aZonificación agroecológica del cultivo de caña de azucar (Saccharum officinarum L.) en el municipio de la Antigua, Veracruz /
_h[En línea]
_cpor Guillermo Tehuacatl Xalamihua.
260 _aChapingo, Méx. :
_bEl autor,
_c2016.
500 _aPara ver el contenido del material haga clic en la liga
502 _aTesis (Ing. Agr. Esp. en Suelos) -- UACH. Departamento de Suelos
590 _aE11695DGD
_b10
_c20170427
_lUCH01
_h1022
590 _aE8697GMM
_b05
_c20170425
_lUCH01
_h1353
590 _aE8697GMM
_b05
_c20170425
_lUCH01
_h1442
650 1 4 _aAzúcar
_xProducción.
_99171
650 1 4 _aCaña de azúcar
_xRendimiento.
_918643
650 1 4 _aProcesamiento de imágenes
_xTécnicas digitales.
_9124885
650 1 4 _aSuelos
_xAnálisis.
_9110204
856 _aFinding aid
_uhttp://10.13.5.2/tesis/sist113116.pdf
_zTeclea aquí
901 _aBK
942 _cTESIS
942 _n0
999 _c109577
_d109577